| 000 | 00861pam a2200277 a 4500 | ||
|---|---|---|---|
| 008 | |||
| 020 | _a9781405139113 (pbk.) | ||
| 049 | _aMAIN | ||
| 090 |
_aRD31 _bELL. |
||
| 100 | 1 | _aEllis, Harold. | |
| 245 | 1 | 0 |
_aLecture notes. _pGeneral surgery / _cHarold Ellis, Sir Roy Calne, Christopher J. E. Watson. |
| 250 | _a11th ed. | ||
| 260 |
_aMalden, Mass. : _bBlackwell, _cc2006. |
||
| 300 |
_avii, 423 p. : _bill. ; _c25 cm. |
||
| 500 | _aIncludes index. | ||
| 650 | 0 |
_aSurgery _vHandbooks, manuals, etc. |
|
| 650 | 1 | 2 | _aSurgical Procedures, Operative. |
| 650 | 2 |
_aGeneral Surgery _xmethods _vHandbooks. |
|
| 700 | 1 | _aCalne, Roy Yorke. | |
| 700 | 1 | _aWatson, Christopher J. E. | |
| 907 |
_a.b10354360 _b21-09-16 _c28-01-15 |
||
| 003 | |||
| 005 | 20230120204146.0 | ||
| 040 | _cNUST | ||
| 942 |
_cBOOKS _kRD31 _mELL. |
||
| 999 |
_c118206 _d118206 |
||